000
00312nam a22001457a 4500
008
210531b ||||| |||| 00| 0 eng d
020
_a
0155037692
041
_a
eng
080
_2
9th
_a
7
082
_a
7
100
_a
44
101
_a
ART
245
_a
ART Through the Ages
_c
Horst D. Croix
942
_2
udc
_c
BK
999
_c
57877
_d
57877